Seas, oceans and straits p.2 - Statistics

General Stats
  • This quiz has been taken 49 times
  • The average score is 11 of 16
Answer Stats
Picture Answer % Correct
Red Sea
94%
Caspian Sea
86%
South China Sea
86%
Suez Canal
86%
Persian Gulf
78%
Arabian Sea
72%
Yellow Sea
72%
Bay of Bengal
69%
Bering Sea
69%
East China Sea
69%
Sea of Japan
69%
Hormuz Strait
67%
Artic Sea
50%
Strait of Malacca
44%
Gulf of Aden
42%
Bab el-Mandeb
19%
No matching quizzes found
Score Distribution
Percent of People with Each Score
Percentile by Number Answered
Your Score History
You have not taken this quiz